000 00873nam a2200277 a 4500
001 52105
003 BD-RjUL
005 20211209075744.0
008 160906s1960 nyu b 000 0 eng
035 _a(BD-RjUL)52225
040 _aDLC/ICU
_cICU
_dDLC
_beng
041 1 _aengger
082 0 0 _a530
_223
_bPLS 1960
100 1 _aPlanck, Max,
_d1858-1947.
_9155850
245 1 2 _aA survey of physical theory :
_b(formerly titled: A survey of physics) /
_cTranslated by R. Jones and D.H. Williams.
260 _aNew York :
_bDover Publications,
_c1960]
300 _a117 p. ;
_c21 cm.
500 _aTranslation of Physikalische Rundblicke.
504 _aIncludes bibliography.
650 0 _aPhysics.
_9155851
700 _aJones, R.
_9128729
700 _aWilliams, D.H.
_9156461
942 _2ddc
_cBK
999 _c52105
_d52105